Normale Ansicht MARC-Ansicht ISBD

Human Rights, Perestroika, and the End of the Cold War / (Titelsatznr. 40268)

[ MARC ]
MARC-Details
000 -Satzkennung
Kontrollfeld mit fester Länge 00673nam a22002171c 4500
001 - Kontrollnummer
Kontrollfeld 9781601270405-nbs
008 - Feld mit fester Länge zur physischen Beschreibung - Allgemeine Angaben
Kontrollfeld mit fester Länge 161028s2009 gw |||| 000u eng d
020 ## - Internationale Standardbuchnummer
Internationale Standardbuchnummer 9781601270405
Verknüpfung 978-1-60127-040-5
041 ## - Sprachcode
Sprachcode des Textes/der Tonspur oder des separaten Titels eng
040 ## - Katalogisierungsquelle
Übertragungsstelle RU-10907106
003 - Kontrollnummer Identifier
Kontrollfeld RU-10907106
100 1# - Haupteintragung - Personenname
Personenname Adamishin, Anatoly
245 00 - Titel
Titel Human Rights, Perestroika, and the End of the Cold War /
Verfasserangabe etc. Adamishin, Anatoly/Schifter, Richard
264 ## - Produktion, Veröffentlichung, Distribution, Herstellung und Urheberrechtsvermerk
Herstellungs-, Veröffentlichungs- Vertriebs-, Erzeugungsort Washington, D.C. :
Produzent, Herausgeber, Distributor, Hersteller United States Institute of Peace Press,
Datum der Herstellung, der Veröffentlichung, des Vertriebs oder des Urheberschutzvermerks 2009
300 ## - Physische Beschreibung
Umfang 356 S. ; 229 x 152 mm
650 #0 - Nebeneintragung unter einem Schlagwort - Sachschlagwort
Sachschlagwort oder geografischer Name als Eintragungselement Kalter Krieg
650 #0 - Nebeneintragung unter einem Schlagwort - Sachschlagwort
Sachschlagwort oder geografischer Name als Eintragungselement Perestroika
651 #0 - Nebeneintragung unter einem Schlagwort - Geografischer Name
Geografischer Name Russland
700 1# - Nebeneintragung - Personenname
Personenname Schifter, Richard
Funktionsbezeichnung VerfasserIn
942 ## - Zusätzliche Felder (Koha)
Koha-Medientyp Monographien
Exemplare
Ausgeschieden Verloren Klassifikation oder Aufstellungssystematik Beschädigt Nicht entleihbar Heimatbibliothek Aufenthaltsbibliothek Erwerbungsdatum Inventarnummer Signatur Barcode Letzte Aktivität Preis gültig von Koha-Medientyp
    Andere/Generische Klassifikation     MWN Osteuropa MW Forum Finnland 28/10/2016 16-04962 R 65 g Ada E0040150790B1FBE 22/02/2021 22/03/2021 Monographien